Fedora 6 and red hat enterprise Linux bible. / (Record no. 3082)

MARC details
000 -LEADER
fixed length control field 00733cam a22002292 4500
001 - CONTROL NUMBER
control field 0000006261
005 - DATE AND TIME OF LATEST TRANSACTION
control field 20151217145831.0
008 - FIXED-LENGTH DATA ELEMENTS--GENERAL INFORMATION
fixed length control field 071008s xx 000 0 eng d
020 ## - INTERNATIONAL STANDARD BOOK NUMBER
International Standard Book Number 8126510862 :
Terms of availability KES 3450
040 ## - CATALOGING SOURCE
Original cataloging agency KABU
Transcribing agency KABU
100 1# - MAIN ENTRY--PERSONAL NAME
Personal name Negus Christopher.
-- 0000157669
245 10 - TITLE STATEMENT
Title Fedora 6 and red hat enterprise Linux bible. /
Statement of responsibility, etc. Christopher Negus.
250 ## - EDITION STATEMENT
Edition statement .
260 ## - PUBLICATION, DISTRIBUTION, ETC. (IMPRINT)
Place of publication, distribution, etc. New Delhi :
Name of publisher, distributor, etc. Wiley India,
Date of publication, distribution, etc. 2007.
300 ## - PHYSICAL DESCRIPTION
Extent xxxiv, 1082 p. ;
Dimensions cm. +
Accompanying material 3 cd-rom.
650 #0 - SUBJECT ADDED ENTRY--TOPICAL TERM
Topical term or geographic name as entry element Linux.
-- 0000148390
650 #0 - SUBJECT ADDED ENTRY--TOPICAL TERM
Topical term or geographic name as entry element Operating systems (Computers)
-- 0000146540
908 ## - PUT COMMAND PARAMETER (RLIN)
Put command parameter 071008
950 ## - LOCAL HOLDINGS (RLIN)
-- 1
Holdings
Withdrawn status Lost status Source of classification or shelving scheme Not for loan Home library Current library Date acquired Total Checkouts Full call number Barcode Date last seen Price effective from Koha item type
    Library of Congress Classification   Kabarak, Main Campus Kabarak, Main Campus 17/12/2015   QA76.76 .O63N44 002141 17/12/2015 17/12/2015 General Collection
    Library of Congress Classification   Kabarak, Main Campus Kabarak, Main Campus 17/12/2015   QA76.76 .O63N44 009880 17/12/2015 17/12/2015 General Collection
Designed with assistance from East African Informatics Ltd